书目信息 |
| 题名: |
建筑工程饰面砖粘结强度检验标准 JGJ 110-97
|
|
| 作者: | 国家建筑工程质量监督检验中心 主编 | |
| 分册: | ||
| 出版信息: | 北京 1997.08 |
|
| 页数: | 20页 | |
| 开本: | 32开 | |
| 丛书名: | ||
| 单 册: | ||
| 中图分类: | TU522.18-65 | |
| 科图分类: | ||
| 主题词: | 建筑材料:非金属材料 | |
| 电子资源: | ||
| ISBN: | ||
| 000 | 00719nam0 2200193 45 | |
| 001 | 0009161054 | |
| 005 | 20000916104443.9 | |
| 010 | @d3.00元 | |
| 100 | @a20000916d1997 km y0chiy0120 ea | |
| 101 | 0 | @achi |
| 105 | @a z 000yy | |
| 200 | 1 | @a建筑工程饰面砖粘结强度检验标准 JGJ 110-97@AJian Zhu Gong Cheng Shi Mian Zhuan Nian Jie Qiang DuJian Yan Biao Zhun JGJ 110-97@f国家建筑工程质量监督检验中心 主编@FGuo Jia Jian Zhu Gong Cheng Zhi Liang Jian Du Jian Yan Zhong Xin Zhu Bian |
| 210 | @a北京@d1997.08 | |
| 215 | @a20页@d32开 | |
| 606 | 0 | @a建筑材料:非金属材料 |
| 690 | @aTU522.18-65@v3 | |
| 701 | 0 | @a国家建筑工程质量监督检验中心@4主编 |
| 801 | @aCN@bPftUser@c20000916 | |
| 905 | @b145414-418@dTU522.18-65@eG:347@f5 | |
| 建筑工程饰面砖粘结强度检验标准 JGJ 110-97/国家建筑工程质量监督检验中心 主编.-北京,1997.08 |
| 20页;32开 |
| ISBN :3.00元 |
| ● |
| 相关链接 |
|
|
|
正题名:建筑工程饰面砖粘结强度检验标准JGJ 110-97
索取号:TU522.18-65/G:347
 
预约/预借
| 序号 | 登录号 | 条形码 | 馆藏地/架位号 | 状态 | 备注 |
| 1 | 145414 | 201454149 | 自科二线404/201建筑库 8排2列3层/ [索取号:TU522.18-65/G:347] | 在馆 | |
| 2 | 145415 | 201454158 | 自科二线404/201建筑库 8排2列5层/ [索取号:TU522.18-65/G:347] | 在馆 | |
| 3 | 145416 | 201454167 | 自科二线404/201建筑库 8排2列5层/ [索取号:TU522.18-65/G:347] | 在馆 | |
| 4 | 145417 | 201454176 | 自科二线404/404自科库 1排2列2层/ [索取号:TU522.18-65/G:347] | 在馆 | |
| 5 | 145418 | 201454185 | 自科二线404/404自科库 1排2列2层/ [索取号:TU522.18-65/G:347] | 在馆 |